000 00489nam a2200181Ia 4500
005 20250326124206.0
008 250326s9999 xx 000 0 und d
037 _aTextbook
040 _aFMSL
_beng
_cFMSL
041 _aeng
_2eng
084 _aX:51 K7;1
_qFMSL
100 _aWeinstein A K
_9736924
245 0 _aMarketing: management way
_cWeinstein A K
260 _aSydney
_bSydney, West
_c1967
300 _a219p
942 _cTB
_hX:51 K7;1
999 _c1272665
_d1272665